000 00315nam a22001337a 4500
008 170601b xxu||||| |||| 00| 0 eng d
020 _a006046576-X
041 _aeng
080 _a94
100 _a17
101 _aSHH
245 _aTHE DEVELOPING NATIONS: WHAT PATH TO MODERNIZATION
_cTACHAU,F
942 _2udc
_cBK
999 _c15501
_d15501